A practical understanding of the law (Record no. 78673)

MARC details
000 -LEADER
fixed length control field 01180cab a22002535a 4500
001 - CONTROL NUMBER
control field L137614
008 - FIXED-LENGTH DATA ELEMENTS--GENERAL INFORMATION
fixed length control field 070419s2007 xxk f 000 0 eng d
035 ## - SYSTEM CONTROL NUMBER
System control number (Sirsi) u137614
041 0# - LANGUAGE CODE
Language code of text/sound track or separate title eng
100 1# - MAIN ENTRY--PERSONAL NAME
Personal name Pearson, David
245 02 - TITLE STATEMENT
Title A practical understanding of the law
Remainder of title part 3
260 ## - PUBLICATION, DISTRIBUTION, ETC.
Date of publication, distribution, etc. 2007
490 #0 - SERIES STATEMENT
Series statement Facilities Management
Volume/sequential designation 14(7) April 2007, 22-23(2)
520 ## - SUMMARY, ETC.
Summary, etc. Discusses the offering and acceptance of contracts and the point at which they become final under English law. Discusses communication between parties in various forms, including oral and written offers and acceptance. Makes particular reference to the effect of internet communication on the acceptance of a binding contract. A description of the Electronic Communications Act 2000 is given for this purpose. (See also L137118 and L137119).
590 ## - LOCAL NOTE (RLIN)
Local note KA
650 24 - SUBJECT ADDED ENTRY--TOPICAL TERM
Topical term or geographic name entry element ADAMS V LINDSELL
650 24 - SUBJECT ADDED ENTRY--TOPICAL TERM
Topical term or geographic name entry element CARLILL V CARBOLIC SMOKE BALL CO
650 24 - SUBJECT ADDED ENTRY--TOPICAL TERM
Topical term or geographic name entry element HOLWELL V HUGHES
650 24 - SUBJECT ADDED ENTRY--TOPICAL TERM
Topical term or geographic name entry element HOUSEHOLD FIRE INSURANCE V GRANT
650 24 - SUBJECT ADDED ENTRY--TOPICAL TERM
Topical term or geographic name entry element ELECTRONIC COMMUNICATIONS ACT 2000
651 #4 - SUBJECT ADDED ENTRY--GEOGRAPHIC NAME
Geographic name England and Wales
Chronological subdivision 1543-
690 ## - LOCAL SUBJECT ADDED ENTRY--TOPICAL TERM (OCLC, RLIN)
Topical term or geographic name as entry element MANAGEMENT-PROJECT MANAGEMENT-CONTRACT ADMINISTRATION
942 ## - ADDED ENTRY ELEMENTS (KOHA)
Suppress in OPAC 0
Holdings
Withdrawn status Lost status Source of classification or shelving scheme Damaged status Not for loan Home library Current library Shelving location Date acquired Total Checkouts Full call number Barcode Date last seen Copy number Price effective from Koha item type
    Dewey Decimal Classification     London London Journal article 19/04/2007   L137614 137614-1001 06/08/2019 1 06/08/2019 Journal article